000 00579nam a2200157 a 4500
008 160609s2012 ||||||||||||||||| || u
020 _a9781444107883
050 _aJC 571 Hal
100 _aHalstead, Peter
245 1 0 _aHuman rights: Key cases. (2009 - 2010 edition)
_cBy Peter Halstead
260 _aAbingdon
_bHodder Education
_c2012
300 _axiii, 159p. :ill.
350 _a15.95
650 0 _aHUMAN RIGHTS
995 _FCBU-MAIN LIBRARY (Kitwe)
_I15.95
_M1
_UAVAILABLE
_WJun 29, 2016
_ZAnnex Low-Usage Collection
999 _c45993
_d45993